000 00633nam a2200241Ia 4500
003 OSt
005 20221007104751.0
006 a|||||r|||| 00| 0
007 ta
008 221006b |||||||| |||| 00| 0 eng d
024 _a16,734
037 _cTextual
040 _aLCO
_cLCO
_beng
041 _2eng
_aeng
082 _aZ2,5y7, K6
100 _aSchmeiser D.A.
_9689973
245 0 _aCases and Comments on Criminal Law
260 _aToronto
_bButterworths Canada
_c1966
300 _a965
650 _aCRIMINAL LAW
_9601958
942 _hZ2,5y7, K6
_cTEXL
999 _c1186297
_d1186297